| 000 | 00479nam a2200145 a 4500 | ||
|---|---|---|---|
| 001 | 000038644 | ||
| 005 | 20201002031325.0 | ||
| 008 | 130417s1997 xxu 000 spa d | ||
| 020 | _a1575542498 | ||
| 100 | 1 |
_aWhite, Elena G., de _952945 |
|
| 245 | 1 | 4 |
_aLos hechos de los apostoles : _ben la proclamación del Evangelio de Jesucristo / _cElena G. de White. |
| 260 |
_aMiami : _bAsociación Publicadora Interamericana , _c1997. |
||
| 300 |
_a506 p. : ; _c17 cm. |
||
| 999 |
_c38134 _d38134 |
||
| 040 | _aDO-SdBNP | ||